| 000 | 00396 a2200157 4500 | ||
|---|---|---|---|
| 005 | 20250613091333.0 | ||
| 020 | _a978-1-292-15224-0 | ||
| 082 | _a658 EBE | ||
| 100 | _aEBERT ,J. R | ||
| 245 | _aBusiness Essentials | ||
| 250 | _a11th Ed. | ||
| 260 |
_aNew York _bPearson _c2017. |
||
| 300 |
_a669p.:ill.;pictures,charts _bGlossary, Index _c28cm |
||
| 700 | _a Ricky Griffin. W. | ||
| 942 |
_2ddc _cBKS |
||
| 999 |
_c3726 _d3726 |
||